| 000 | 00362nam a2200133Ia 4500 | ||
|---|---|---|---|
| 008 | 210210b1973 xxu||||| |||| 00| 0 eng d | ||
| 082 | _a300.72 MACU | ||
| 100 | _aMACQUEEN (Donald R). | ||
| 245 | _aUnderstanding sociology through research. | ||
| 260 |
_aMassachusetts. _bAddison-Wesley _c1973 |
||
| 300 | _axix,539 | ||
| 690 | _aSocial Research | ||
| 906 | _a040828 | ||
| 999 |
_c90770 _d90770 |
||